000 01210nam0a22003131 4500
001 rc\4152968
005 20250611111844.0
021 _aRU
_b[48-26412]
035 _a(NLR Aleph) 008171180
090 _a7855584
_c7855584
100 _a20130415d1948 |||y0rusy50 ca
101 0 _arus
102 _aRU
105 _aa g |||||
200 1 _aСправочник по сушке древесины
_fПод общ. ред. инж. Н.Н. Пейч
210 _aМосква
_cГизместпром
_d1948
_gТип. Упр. делами Совета министров СССР
215 _a196 с., 1 л. диагр.
_cил.
_d22
300 _aПеред загл. авт.: И.С. Сергеев
320 _aБиблиогр.: с. 193-94 (47 назв.)
606 _aДеревообрабатывающие предприятия
_xСушильные цехи
_xЭксплуатация
_2psbo
606 _aДревесина
_xСушка
_2psbo
606 _aСушилки для древесины
_2psbo
700 1 _aСергеев
_bИ.С.
702 1 _aПейч
_bН.Н.
_4340
801 0 _aRU
_bNLR
_gpsbo
801 1 _aRU
_bELAR
_2rusmarc
852 _aNLR
_jТ50 Г-5/33
942 _cBOOK
980 _aNB